| 000 | 00421nam a2200133Ia 4500 | ||
|---|---|---|---|
| 008 | 220216s9999 xx 000 0 und d | ||
| 100 | _aKarunaratne S W | ||
| 245 | 0 | _aLinear gel/polymer system based on radiation prevulcanized natural rubber latex | |
| 260 |
_bJournal of the Rubber Research Institute of Sri Lanka _c1985 |
||
| 300 | _a29-32 | ||
| 650 | _aNatural rubber latex | ||
| 700 | _aFernando W S E | ||
| 942 | _cJS | ||
| 999 |
_c62196 _d62196 |
||